| 000 | 00692nam a22001457a 4500 | ||
|---|---|---|---|
| 008 | 150410b xxu||||| |||| 00| 0 eng d | ||
| 020 | _a9789930949818 | ||
| 082 |
_a707 _bB 456p |
||
| 100 |
_aBenchoam, Stefan y Valdes Emiliano (curadores) _92386 |
||
| 245 |
_aProyectos ultravioleta _cBenchoam, Stefan y Valdes Emiliano (curadores). Mciver, Natasha (tr), Artavia, Adriana (fot) |
||
| 260 |
_aSan Jose, Costa Rica _bMuseo de Arte y DiseƱo Contemporaneo MADC _c2014 |
||
| 300 |
_a56 p. _bill. (col) _c19 cm. |
||
| 650 |
_xArte-catalogos _xBellas Artes _xArte contemporaneo-America Latina _92387 |
||
| 700 |
_a Stefan Benchoam y Emiliano Valdes (curadores), Natasha Mciver (tr), Adriana Artavia (fot) _92388 |
||
| 999 |
_c513 _d513 |
||